| 000 | 00817nam a2200229 a 4500 | ||
|---|---|---|---|
| 001 | 5567 | ||
| 003 | CDMR | ||
| 005 | 20131203103509.0 | ||
| 008 | 130130s1985||||||||||||||||||||||||||||d | ||
| 020 | _a842521226X (o.c.) | ||
| 040 |
_aCDMR _bcat _cCDMR |
||
| 245 | 0 | 0 |
_aSociología de la comunicación de masas _cM. de Moragas (ed.) |
| 260 |
_aBarcelona _c1985 _bGustavo Gili |
||
| 300 | _a4 v. | ||
| 490 | 0 | _aGG MassMedia | |
| 505 | _aConté: I.- Escuelas y autores ; II.- Estructura, funciones y efectos ; III.- Propaganda política y opinión pública ; IV.- Nuevos problemas y transformación tecnológica | ||
| 650 | 0 | 4 |
_91460 _aSociologia de la comunicació |
| 650 | 0 | 4 |
_93284 _aComunicació _xInvestigació |
| 650 | 0 | 4 |
_94172 _aSocietat de massa |
| 700 | 1 |
_9475 _aMoragas Spà, Miquel de _e ed. |
|
| 942 |
_cMON _2udc |
||
| 999 |
_c5567 _d5567 |
||